Essential guide to the library IBM PC. Vol 1. The hardware setup and expansion (Record no. 39582)

MARC details
000 -LEADER
fixed length control field 00327nam a2200109Ia 4500
082 ## - DEWEY DECIMAL CLASSIFICATION NUMBER
Classification number 681.31
Item number ESS.1
100 ## - MAIN ENTRY--AUTHOR NAME
Personal name Melin, Nancy Jean
245 #0 - TITLE STATEMENT
Title Essential guide to the library IBM PC. Vol 1. The hardware setup and expansion
260 ## - PUBLICATION, DISTRIBUTION, ETC. (IMPRINT)
Place of publication West Port
Name of publisher Meckler
Year of publication 1985
942 ## - ADDED ENTRY ELEMENTS (KOHA)
Koha item type Books
Holdings
Withdrawn status Lost status Damaged status Not for loan Home library Current library Date acquired Cost, normal purchase price Full call number Accession Number Koha item type
        RRII Library RRII Library 16/12/2021 18.50 681.31 ESS.1 19913 Books